000 00325 a2200145 4500
001 58363
020 _a8500106611
040 _cAnchieta - Pituba
100 _aAzevedo, Aluísio
240 1 0 _aUma lágrima de mulher
_lpor
245 1 0 _aUma lágrima de mulher
300 _a87
650 4 _aFicção brasileira
942 _cBK
999 _c58363
_d58363